Геологический очерк месторождений медных руд на Урале: [в 2 ч.]

Detalhes bibliográficos
Autor principal: Заварицкий А. Н. Александр Николаевич
Autor Corporativo: СССР Геологический комитет (Геолком)
Idioma:russo
francês
Publicado em: Ленинград, Издание Геологического комитета, 1927-1929
Colecção:Труды Геологического комитета
Formato: Livro
KOHA link:https://koha.lib.tpu.ru/cgi-bin/koha/opac-detail.pl?biblionumber=232296

MARC

LEADER 00000nam0a2200000 4500
001 232296
005 20231101231146.0
035 |a (RuTPU)RU\TPU\book\253333 
035 |a RU\TPU\book\252193 
090 |a 232296 
100 |a 20130211d1927 k y0rusy50 ca 
101 0 |a rus  |a fre 
102 |a RU 
105 |a a z 001zy 
200 1 |a Геологический очерк месторождений медных руд на Урале  |e [в 2 ч.]  |f А. Н. Заварицкий 
210 |a Ленинград  |c Издание Геологического комитета  |d 1927-1929 
225 1 |a Труды Геологического комитета 
700 1 |a Заварицкий  |b А. Н.  |c выдающийся ученый  |c геолог  |c академик АН СССР  |f 1884-1952  |g Александр Николаевич  |2 stltpush  |3 (RuTPU)RU\TPU\pers\28622  |9 13438 
712 0 1 |a СССР  |b Геологический комитет (Геолком)  |c (1922-1930)  |2 stltpush  |3 (RuTPU)RU\TPU\col\18484 
801 1 |a RU  |b 63413507  |c 20130130 
801 2 |a RU  |b 63413507  |c 20170310  |g RCR 
942 |c BK